=LDR 00000nam 2200000 4500 =001 INLIS000000000056744 =005 20200929084914 =035 ##$$a 0010-0920000375 =007 ta =008 200929################e##########0#ind## =020 ##$$a 979-461-236-7 =082 ##$$a 306.4 =084 ##$$a 306.4 KUR p =100 1#$$a Kurniawan, Iwan =245 1#$$a Pembangunan PLTN: demi kemajuan peradaban /$c Iwan Kurniawan, Liek Wilardjo =250 ##$$a cet. 1 =260 ##$$a Jakarta :$b INFID WALHI dan Yayasan Obor Indonesia =300 ##$$a xxxvi, 440 hlm., ; $c 14 x 21 cm =600 #4$$a Teknologi dan peradaban =990 ##$$a 1199600929